| 000 | 00538nam a22001817a 4500 | ||
|---|---|---|---|
| 999 |
_c188827 _d188827 |
||
| 005 | 20220603172329.0 | ||
| 010 | _aENG-133016 | ||
| 020 | _c400.00 | ||
| 035 | _aEN-116548 | ||
| 037 | _bDBAD/PUB | ||
| 082 | _a615.892 | ||
| 100 | _aSahoo, Bhabani Prasad | ||
| 245 |
_aHand Book of Recent Acupuncture Treatment and Research/ _cBhabani Prasad Sahoo |
||
| 260 |
_aKolkata _bSankar Mondal _c2010 |
||
| 270 |
_a209A, Bidhan Sarani _bKolkata _e700006 |
||
| 300 |
_axix, 432p. _c22cm(hbk) |
||
| 942 |
_2ddc _cEN _mSAH _h615.892 |
||